[Event "Varazdinske Toplice op"]
[Site "Varazdinske Toplice"]
[Date "2022.12.26"]
[Round "5"]
[White "Mitrovic, Boris"]
[Black "Vrban, Zvonimir"]
[Result "1-0"]
[WhiteElo "2082"]
[BlackElo "1790"]
[PlyCount "53"]
[EventDate "2022.12.26"]
[EventType "swiss"]
[EventRounds "9"]
[EventCountry "CRO"]
[SourceTitle "CBM 211 Extra"]
[Source "ChessBase"]
[SourceDate "2023.01.31"]
[SourceVersion "1"]
[SourceVersionDate "2023.01.31"]
[SourceQuality "1"]

1. b3 b6 2. Bb2 Bb7 3. e3 Nf6 4. Nf3 e6 5. d4 d5 6. Nbd2 Bd6 7. c4 Nbd7 8. Rc1 Rc8 9. Bd3 Bb4 10. 0-0 Bxd2 11. Qxd2 dxc4 12. Bxc4 Bxf3 13. gxf3 Qe7 14. e4 Nf8 15. Bb5+ N6d7 16. Ba6 Rd8 17. Rxc7 Ng6 18. Bb5 0-0 19. Qc1 Qf6 20. d5 Qxf3 21. Qe3 Qg4+ 22. Qg3 Nf6 23. Qxg4 Nxg4 24. dxe6 fxe6 25. Rxg7+ Kh8 26. Rxg6+ e5 27. Rxg4 1-0